La pâtisserie - A - Statistiques

Statistiques générales
  • Ce quiz a été pris 26 fois
  • Le résultat moyen est 4 sur 12
Statistiques - réponses
Par images Réponse % Correct
Ananas
96%
Poudre d'{amande}
81%
Tarte {amandine}
54%
{Appareil} à crème prise rapide
42%
Arôme
38%
Abaisser
19%
Abricotine
12%
Apfelstrudel
8%
Tarte {alsacienne}
8%
Araignée
4%
Arraser
0%
Crème {angalise}
0%
Aucun quiz correspondant
Distribution des résultats
% des personnes avec chaque résultat
Percentile par nombre de réponses
Votre historique - résultats
Vous n’avez pas pris ce quiz